000 00482nam a2200205Ia 4500
005 20240823054354.0
008 240823s9999||||xx |||||||||||||| ||und||
020 _a978-93-8061-814-2
041 _aENGLISH
082 _A333.7 Q5
100 _aKarpagam M
245 0 _aGreen Management
250 _a1st
260 _c2015
_bAne Books Pv
500 _aYES
650 _aGreen Management
_bManagement Studies
700 _a Geetha Jaikumar
942 _cBK
999 _c226304
_d226304